Gaming Quiz

Random Gaming or Video Games Quiz

Limbless Pokémon (Gen 1) Quiz Stats

Quiz not verified by Sporcle

Challenge
Share
Tweet
Embed
Score 0/36 Timer 06:00
0 Plays Today
% Correct
Metapod
87.9%
Voltorb
85.3%
Electrode
84.5%
Gastly
83.6%
Ditto
81.9%
Dratini
81.9%
Magikarp
81%
Dragonair
81%
Gyarados
80.2%
Ekans
79.3%
Arbok
79.3%
Seaking
79.3%
Goldeen
77.6%
Magnemite
74.1%
Onix
74.1%
Koffing
73.3%
Weezing
72.4%
Staryu
72.4%
% Correct
Starmie
72.4%
Magneton
72.4%
Weepinbell
71.6%
Seadra
71.6%
Dugtrio
70.7%
Diglett
69.8%
Victreebel
69%
Horsea
69%
Shellder
66.4%
Cloyster
66.4%
Exeggcute
66.4%
Tentacruel
64.7%
Omanyte
64.7%
Seel
64.7%
Dewgong
64.7%
Tentacool
63.8%
Lapras
62.9%
Omastar
62.1%

You're not logged in!

Compare scores with friends on all Sporcle quizzes.
Join for Free
OR
Log In

You Might Also Like...

Show Comments

Extras

Top Quizzes Today


Score Distribution

Your Account Isn't Verified!

In order to create a playlist on Sporcle, you need to verify the email address you used during registration. Go to your Sporcle Settings to finish the process.

Report this User

Report this user for behavior that violates our Community Guidelines.

Details: